书目信息 |
| 题名: |
交直传动机车牵引与控制
|
|
| 作者: | 张中央 , 张铁竹 主编 | |
| 分册: | ||
| 出版信息: | 成都 西南交通大学出版社 2014 |
|
| 页数: | 351页 | |
| 开本: | 26cm | |
| 丛书名: | ||
| 单 册: | ||
| 中图分类: | U264.2-43 , U264 | |
| 科图分类: | ||
| 主题词: | 交直流电力机车--电力牵引--控制系统--高等职业教育--教材 , 交直流电力机车 , 电力牵引 , 控制系统 | |
| 电子资源: | ||
| ISBN: | 978-7-5643-2981-5 | |
| 000 | 01159nam0 2200289 450 | |
| 001 | 2344354925 | |
| 005 | 20231129122233.18 | |
| 010 | @a978-7-5643-2981-5@dCNY48.00 | |
| 100 | @a20140902d2014 em y0chiy50 ea | |
| 101 | 0 | @achi |
| 102 | @aCN@b510000 | |
| 105 | @aa z 000yy | |
| 200 | 1 | @a交直传动机车牵引与控制@Ajiao zhi chuan dong ji che qian yin yu kong zhi@f张中央,张铁竹主编 |
| 210 | @a成都@c西南交通大学出版社@d2014 | |
| 215 | @a351页@c图@d26cm | |
| 300 | @a国家骨干高职院校建设项目——铁道机车车辆专业规划教材 | |
| 330 | @a本书主要内容包括电力机车与牵引传动系统认知、电力机车控制技术与实现方法、电力机车主电路分析与检查、电力机车辅助电路分析与检查、电力机车控制电路分析与检查、电力机车电气试验与常见故障处理、电力机车操纵与电路关系分析等7个学习领域,每个学习领域设若干个训练项目。 | |
| 606 | 0 | @a交直流电力机车@x电力牵引@x控制系统@x高等职业教育@j教材 |
| 606 | 0 | @a交直流电力机车 |
| 606 | 0 | @a电力牵引 |
| 606 | 0 | @a控制系统 |
| 690 | @aU264.2-43@v5 | |
| 690 | @aU264@v4 | |
| 701 | 0 | @a张中央@Azhang zhong yang@c(电力机车)@4主编 |
| 701 | 0 | @a张铁竹@Azhang tie zhu@4主编 |
| 801 | 0 | @aCN@b山东中教@c20231126 |
| 905 | @aBZT@dU264@e3 | |
| 交直传动机车牵引与控制/张中央,张铁竹主编.-成都:西南交通大学出版社,2014 |
| 351页:图;26cm |
| 国家骨干高职院校建设项目——铁道机车车辆专业规划教材 |
| ISBN 978-7-5643-2981-5:CNY48.00 |
| 本书主要内容包括电力机车与牵引传动系统认知、电力机车控制技术与实现方法、电力机车主电路分析与检查、电力机车辅助电路分析与检查、电力机车控制电路分析与检查、电力机车电气试验与常见故障处理、电力机车操纵与电路关系分析等7个学习领域,每个学习领域设若干个训练项目。 |
| ● |
| 相关链接 |
|
|
|
正题名:交直传动机车牵引与控制
索取号:U264/3
 
预约/预借
| 序号 | 登录号 | 条形码 | 馆藏地/架位号 | 状态 | 备注 |
| 1 | 2001187038 | 2001187038 | 东辅楼二楼书库/ [索取号:U264/3] | 在馆 | |
| 2 | 2001187039 | 2001187039 | 东辅楼二楼书库/ [索取号:U264/3] | 在馆 | |
| 3 | 2001187040 | 2001187040 | 东辅楼二楼书库/ [索取号:U264/3] | 在馆 | |
| 4 | 2001187041 | 2001187041 | 东辅楼二楼书库/ [索取号:U264/3] | 在馆 | |
| 5 | 2001187042 | 2001187042 | 东辅楼二楼书库/ [索取号:U264/3] | 在馆 | |
| 6 | 2001187043 | 2001187043 | 东辅楼二楼书库/ [索取号:U264/3] | 在馆 | |
| 7 | 2001187044 | 2001187044 | 东辅楼二楼书库/ [索取号:U264/3] | 在馆 | |
| 8 | 2001187045 | 2001187045 | 东辅楼二楼书库/ [索取号:U264/3] | 在馆 | |
| 9 | 2001187046 | 2001187046 | 东辅楼二楼书库/ [索取号:U264/3] | 在馆 | |
| 10 | 2001187047 | 2001187047 | 东辅楼二楼书库/ [索取号:U264/3] | 在馆 | |
| 11 | 2001187048 | 2001187048 | 东辅楼二楼书库/ [索取号:U264/3] | 在馆 | |
| 12 | 2001187049 | 2001187049 | 东辅楼二楼书库/ [索取号:U264/3] | 在馆 | |
| 13 | 2001187050 | 2001187050 | 东辅楼二楼书库/ [索取号:U264/3] | 在馆 | |
| 14 | 2001187051 | 2001187051 | 东辅楼二楼书库/ [索取号:U264/3] | 在馆 | |
| 15 | 2001187052 | 2001187052 | 东辅楼二楼书库/ [索取号:U264/3] | 在馆 | |
| 16 | 2001187233 | 2001187233 | 东辅楼二楼书库/ [索取号:U264/3] | 在馆 | |
| 17 | 2001187234 | 2001187234 | 东辅楼二楼书库/ [索取号:U264/3] | 在馆 | |
| 18 | 2001187235 | 2001187235 | 东辅楼二楼书库/ [索取号:U264/3] | 在馆 | |
| 19 | 2001187236 | 2001187236 | 东辅楼二楼书库/ [索取号:U264/3] | 在馆 | |
| 20 | 2001187237 | 2001187237 | 东辅楼二楼书库/ [索取号:U264/3] | 在馆 | |
| 21 | 2001187238 | 2001187238 | 东辅楼二楼书库/ [索取号:U264/3] | 在馆 | |
| 22 | 2001187239 | 2001187239 | 东辅楼二楼书库/ [索取号:U264/3] | 在馆 | |
| 23 | 2001187240 | 2001187240 | 东辅楼二楼书库/ [索取号:U264/3] | 在馆 | |
| 24 | 2001187241 | 2001187241 | 东辅楼二楼书库/ [索取号:U264/3] | 在馆 | |
| 25 | 2001187242 | 2001187242 | 东辅楼二楼书库/ [索取号:U264/3] | 在馆 | |
| 26 | 2001187243 | 2001187243 | 东辅楼二楼书库/ [索取号:U264/3] | 在馆 | |
| 27 | 2001187244 | 2001187244 | 东辅楼二楼书库/ [索取号:U264/3] | 在馆 | |
| 28 | 2001187245 | 2001187245 | 东辅楼二楼书库/ [索取号:U264/3] | 在馆 | |
| 29 | 2001187246 | 2001187246 | 东辅楼二楼书库/ [索取号:U264/3] | 在馆 | |
| 30 | 2001187247 | 2001187247 | 东辅楼二楼书库/ [索取号:U264/3] | 在馆 |